[Event "Pardubice Czech op-B 30th"]
[Site "Pardubice"]
[Date "2019.07.19"]
[Round "1"]
[White "Vanduyfhuys, Daria"]
[Black "Majerik, Vladimir"]
[Result "1-0"]
[WhiteElo "2114"]
[BlackElo "1869"]
[PlyCount "105"]
[EventDate "2019.07.19"]
[EventType "swiss"]
[EventRounds "9"]
[EventCountry "CZE"]
[SourceTitle "EXT 2020"]
[Source "ChessBase"]
[SourceDate "2019.10.17"]
[SourceVersion "1"]
[SourceVersionDate "2019.10.17"]
[SourceQuality "1"]

1. d4 d5 2. c4 c6 3. Nf3 Nf6 4. Nc3 dxc4 5. a4 Bg4 6. e3 e5 7. dxe5 Qxd1+ 8. Nxd1 Nfd7 9. Bxc4 Bxf3 10. gxf3 Nxe5 11. Be2 Bb4+ 12. Bd2 Bxd2+ 13. Kxd2 Nbd7 14. f4 Ng6 15. Nc3 Rd8 16. Kc2 Nf6 17. Rhg1 0-0 18. f5 Ne5 19. e4 c5 20. Rad1 Nc6 21. Bc4 Rfe8 22. Rxd8 Rxd8 23. b3 Kf8 24. h3 Nd4+ 25. Kc1 Nf3 26. Rg3 Ne5 27. Bd5 Nxd5 28. Nxd5 Nc6 29. Rc3 b6 30. Rd3 Ne7 31. Nf4 Rxd3 32. Nxd3 f6 33. Kd2 g6 34. fxg6 hxg6 35. Kc3 Ke8 36. Kc4 Kd7 37. Kb5 Kc7 38. Nf4 Kb7 39. Nd5 Nxd5 40. exd5 a6+ 41. Kc4 Kc7 42. a5 g5 43. f3 f5 44. d6+ Kxd6 45. axb6 Kc6 46. b7 Kxb7 47. Kxc5 Kc7 48. Kd5 a5 49. Ke5 Kc6 50. Kxf5 Kb5 51. Kxg5 Kb4 52. h4 Kxb3 53. h5 1-0

[Event "CZE-chT2B 1819"]
[Site "Czech Republic"]
[Date "2019.02.24"]
[Round "9.7"]
[White "Bicek, Richard"]
[Black "Majerik, Vladimir"]
[Result "1-0"]
[WhiteElo "2123"]
[BlackElo "1847"]
[PlyCount "97"]
[EventDate "2018.10.14"]
[EventType "team-tourn"]
[EventRounds "11"]
[EventCountry "CZE"]
[SourceTitle "EXT 2022"]
[Source "ChessBase"]
[SourceDate "2021.10.06"]
[SourceVersion "1"]
[SourceVersionDate "2021.10.06"]
[SourceQuality "1"]
[WhiteTeam "Karlovy Vary Tietz"]
[BlackTeam "Louny Union"]
[WhiteTeamCountry "CZE"]
[BlackTeamCountry "CZE"]

1. e4 c6 2. d4 d5 3. Nc3 dxe4 4. Nxe4 Nf6 5. Nxf6+ gxf6 6. Nf3 Bf5 7. c3 e6 8. a4 Qc7 9. g3 Nd7 10. Bg2 Nb6 11. 0-0 Bg7 12. Nh4 Bg6 13. f4 f5 14. a5 Nd7 15. a6 b6 16. Re1 0-0 17. Be3 Nf6 18. Bf3 Rac8 19. Bf2 Rfd8 20. Nxg6 hxg6 21. Qc2 Nd5 22. Kg2 Bf6 23. h4 Kg7 24. Rh1 Rh8 25. Rh3 Rh7 26. Rah1 Rch8 27. Qd2 Qd6 28. Be1 Ne7 29. Qe2 c5 30. dxc5 Qxc5 31. Bf2 Qc7 32. Rd1 Rd8 33. Rhh1 Rhh8 34. Rxd8 Rxd8 35. Rd1 Rxd1 36. Qxd1 e5 37. fxe5 Bxe5 38. Qb3 Nc6 39. Qb5 Nb8 40. Bxb6 axb6 41. a7 Qxa7 42. Qxe5+ Kg8 43. Bd5 Na6 44. Qf6 Kf8 45. Qh8+ Ke7 46. Qg7 Kd6 47. Qxf7 Qb8 48. Qe6+ Kc7 49. Qe7+ 1-0

[Event "CZE-chT2B 1819"]
[Site "Czech Republic"]
[Date "2019.02.10"]
[Round "8.8"]
[White "Kotrba, Matej"]
[Black "Majerik, Vladimir"]
[Result "1/2-1/2"]
[WhiteElo "2015"]
[BlackElo "1847"]
[PlyCount "50"]
[EventDate "2018.10.14"]
[EventType "team-tourn"]
[EventRounds "11"]
[EventCountry "CZE"]
[SourceTitle "EXT 2022"]
[Source "ChessBase"]
[SourceDate "2021.10.06"]
[SourceVersion "1"]
[SourceVersionDate "2021.10.06"]
[SourceQuality "1"]
[WhiteTeam "Udlice"]
[BlackTeam "Louny Union"]
[WhiteTeamCountry "CZE"]
[BlackTeamCountry "CZE"]

1. Nf3 d5 2. d4 Nf6 3. c4 c6 4. Nc3 dxc4 5. a4 Bf5 6. e3 e6 7. Bxc4 Bb4 8. 0-0 Nbd7 9. Nh4 Bg6 10. Nxg6 hxg6 11. Qf3 Qa5 12. e4 Qh5 13. Qxh5 Rxh5 14. Be2 Rh8 15. f3 0-0-0 16. Na2 Ba5 17. b4 Bc7 18. g3 Kb8 19. Be3 Rc8 20. b5 cxb5 21. Bxb5 a6 22. Bd3 Ba5 23. Rab1 Ka8 24. Rb3 Rc6 25. Rfb1 Rb6 1/2-1/2

[Event "CZE-chT2B 1819"]
[Site "Czech Republic"]
[Date "2018.12.16"]
[Round "5.6"]
[White "Volf, Jaromir"]
[Black "Majerik, Vladimir"]
[Result "1-0"]
[WhiteElo "2095"]
[BlackElo "1847"]
[PlyCount "167"]
[EventDate "2018.10.14"]
[EventType "team-tourn"]
[EventRounds "11"]
[EventCountry "CZE"]
[SourceTitle "EXT 2022"]
[Source "ChessBase"]
[SourceDate "2021.10.06"]
[SourceVersion "1"]
[SourceVersionDate "2021.10.06"]
[SourceQuality "1"]
[WhiteTeam "Kladno"]
[BlackTeam "Louny Union"]
[WhiteTeamCountry "CZE"]
[BlackTeamCountry "CZE"]

1. e4 c6 2. d4 d5 3. e5 Bf5 4. Bd3 Bxd3 5. Qxd3 e6 6. Ne2 Qa5+ 7. c3 Qa6 8. Qd1 Ne7 9. 0-0 Nd7 10. b4 b5 11. a4 Qb7 12. a5 a6 13. Ng3 g6 14. Qf3 Bg7 15. Bg5 h6 16. Bxe7 Kxe7 17. Ra2 Raf8 18. Re2 Kd8 19. Nd2 Kc7 20. Ree1 Qc8 21. Nb3 Qe8 22. Ne2 Qe7 23. Nf4 h5 24. Nd3 Kb7 25. Qg3 Rhg8 26. f4 Bh6 27. Qf3 Qh4 28. Re2 Qe7 29. g3 Rh8 30. h3 Bg7 31. Kf2 Rh7 32. Ke1 Rfh8 33. Kd1 Ka7 34. Kc2 Bf8 35. Nf2 Bg7 36. Nc1 Nf8 37. Ncd3 Nd7 38. Kb3 Kb7 39. Nd1 Qd8 40. Rg2 Qf8 41. N1f2 Qe7 42. g4 hxg4 43. hxg4 f6 44. exf6 Qxf6 45. Re1 Qf7 46. Re3 Re8 47. Rg1 Rhh8 48. Rge1 Re7 49. Nh3 Bf6 50. g5 Bg7 51. Nhf2 Qf5 52. Ng4 Qf7 53. Qe2 Rhe8 54. Rh1 Rh8 55. Rxh8 Bxh8 56. Nh6 Qe8 57. f5 e5 58. f6 Nxf6 59. gxf6 Bxf6 60. dxe5 Bg5 61. Ng4 Bxe3 62. Qxe3 d4 63. Nc5+ Kc8 64. cxd4 Qf7+ 65. e6 Qf1 66. Kb2 Qg2+ 67. Qf2 Qxf2+ 68. Nxf2 Rh7 69. Nfe4 Kd8 70. Nxa6 Rh4 71. Nac5 Rh2+ 72. Kc3 Rh3+ 73. Kd2 Ke7 74. Nc3 Rh2+ 75. Ne2 Rh3 76. Nf4 Rh2+ 77. Ke3 g5 78. Ng6+ Ke8 79. Ne5 Rh3+ 80. Kf2 Rh2+ 81. Kg3 Rd2 82. Nxc6 Rd1 83. a6 Ra1 84. Na5 1-0

[Event "CZE-chT2B 1819"]
[Site "Czech Republic"]
[Date "2018.11.18"]
[Round "3.7"]
[White "Majerik, Vladimir"]
[Black "Pokrupa, Marek"]
[Result "0-1"]
[WhiteElo "1847"]
[BlackElo "2157"]
[PlyCount "60"]
[EventDate "2018.10.14"]
[EventType "team-tourn"]
[EventRounds "11"]
[EventCountry "CZE"]
[SourceTitle "EXT 2022"]
[Source "ChessBase"]
[SourceDate "2021.10.06"]
[SourceVersion "1"]
[SourceVersionDate "2021.10.06"]
[SourceQuality "1"]
[WhiteTeam "Louny Union"]
[BlackTeam "Podborany"]
[WhiteTeamCountry "CZE"]
[BlackTeamCountry "CZE"]

1. d4 Nf6 2. Nf3 g6 3. Bg5 Ne4 4. Bh4 Bg7 5. Nbd2 d5 6. e3 c5 7. c3 Nc6 8. Nxe4 dxe4 9. Nd2 cxd4 10. exd4 Qa5 11. Nb3 Qd5 12. Qe2 0-0 13. Qb5 e6 14. Bc4 Qd6 15. Bg3 Qd8 16. h4 Bf6 17. Bf1 a6 18. Qe2 e5 19. dxe5 Nxe5 20. Bxe5 Bxe5 21. g3 Bd7 22. Qe3 Rc8 23. Nd2 b5 24. h5 Bg7 25. hxg6 fxg6 26. Bg2 b4 27. 0-0 bxc3 28. bxc3 Bxc3 29. Rad1 Bg4 30. f3 Bd4 0-1

[Event "CZE-chT2B 1819"]
[Site "Czech Republic"]
[Date "2018.11.04"]
[Round "2.6"]
[White "Majerik, Vladimir"]
[Black "Kopta, Pavel"]
[Result "0-1"]
[WhiteElo "1847"]
[BlackElo "2212"]
[PlyCount "70"]
[EventDate "2018.10.14"]
[EventType "team-tourn"]
[EventRounds "11"]
[EventCountry "CZE"]
[SourceTitle "EXT 2022"]
[Source "ChessBase"]
[SourceDate "2021.10.06"]
[SourceVersion "1"]
[SourceVersionDate "2021.10.06"]
[SourceQuality "1"]
[WhiteTeam "Louny Union"]
[BlackTeam "Kobylisy"]
[WhiteTeamCountry "CZE"]
[BlackTeamCountry "CZE"]

1. d4 Nf6 2. Nf3 c5 3. c3 b6 4. Bg5 Bb7 5. Nbd2 d6 6. e3 Nbd7 7. Be2 Qc7 8. 0-0 e6 9. Ne1 Be7 10. Bf3 0-0 11. Bxb7 Qxb7 12. Nef3 h6 13. Bxf6 Nxf6 14. Qe2 Rac8 15. Rad1 Rfd8 16. Nb3 Rc7 17. h3 Rdc8 18. Nbd2 b5 19. a3 Nd7 20. Ra1 a5 21. Rfb1 d5 22. dxc5 Nxc5 23. Nd4 Rb8 24. N4b3 Nxb3 25. Nxb3 Qb6 26. Nd4 Rc4 27. Nf3 Bf6 28. Nd2 Rc7 29. Qd3 Rbc8 30. Ra2 Rd8 31. Qe2 Qc5 32. Raa1 Rdc8 33. Nb3 Qc4 34. Nc1 Rb8 35. Qg4 b4 0-1

[Event "CZE-chT2B 1819"]
[Site "Czech Republic"]
[Date "2018.10.14"]
[Round "1.7"]
[White "Majerik, Vladimir"]
[Black "Havranek, Tomas"]
[Result "1/2-1/2"]
[WhiteElo "1847"]
[BlackElo "2055"]
[PlyCount "41"]
[EventDate "2018.10.14"]
[EventType "team-tourn"]
[EventRounds "11"]
[EventCountry "CZE"]
[SourceTitle "EXT 2022"]
[Source "ChessBase"]
[SourceDate "2021.10.06"]
[SourceVersion "1"]
[SourceVersionDate "2021.10.06"]
[SourceQuality "1"]
[WhiteTeam "Louny Union"]
[BlackTeam "Decin"]
[WhiteTeamCountry "CZE"]
[BlackTeamCountry "CZE"]

1. d4 Nf6 2. Nf3 e6 3. Bg5 h6 4. Bxf6 Qxf6 5. e3 d5 6. Bd3 c5 7. c3 Nc6 8. Nbd2 cxd4 9. exd4 Bd6 10. 0-0 0-0 11. Re1 e5 12. dxe5 Nxe5 13. Nxe5 Bxe5 14. Qh5 Bf4 15. Nf1 Be6 16. Qf3 Rfd8 17. Rad1 Rac8 18. Bb1 b6 19. Ng3 g6 20. Ne2 Bg5 21. Qxf6 1/2-1/2

[Event "Hradec Kralove op 9th"]
[Site "Hradec Kralove"]
[Date "2018.10.02"]
[Round "4"]
[White "Majerik, Vladimir"]
[Black "Toman, Jaroslav"]
[Result "0-1"]
[WhiteElo "1847"]
[BlackElo "2232"]
[PlyCount "108"]
[EventDate "2018.09.30"]
[EventType "swiss"]
[EventRounds "9"]
[EventCountry "CZE"]
[SourceTitle "CBM 186 Extra"]
[Source "ChessBase"]
[SourceDate "2018.08.24"]
[SourceVersion "1"]
[SourceVersionDate "2018.08.24"]
[SourceQuality "1"]

1. d4 e6 2. Nf3 b6 3. Bg5 Nf6 4. e3 Bb7 5. Nbd2 d6 6. Bd3 Nbd7 7. 0-0 h6 8. Bh4 g5 9. Bg3 Nh5 10. Qe2 Be7 11. Ne1 Nxg3 12. fxg3 c5 13. c3 h5 14. h3 Qc7 15. e4 f6 16. Nc2 0-0-0 17. Na3 Kb8 18. Rfc1 g4 19. h4 d5 20. Nf1 Bf8 21. Re1 cxd4 22. Nb5 Qc6 23. Nxd4 Bc5 24. Kh2 Bxd4 25. cxd4 dxe4 26. Bxe4 Qxe4 27. Qxe4 Bxe4 28. Rxe4 Nf8 29. Rc1 f5 30. Re2 Rxd4 31. Rec2 Nd7 32. a3 e5 33. b4 Rd3 34. Rc7 e4 35. R7c3 Ne5 36. Ne3 Rf8 37. Nd1 Rfd8 38. Nf2 Rd2 39. Kg1 Rxf2 40. Kxf2 Nd3+ 41. Rxd3 Rxd3 42. Rc6 Rxa3 43. Rh6 Rb3 44. Rxh5 Rxb4 45. Rxf5 Rb2+ 46. Kf1 a5 47. h5 a4 48. Rf4 a3 49. Rxe4 a2 50. Ra4 Rb1+ 51. Kf2 a1Q 52. Rxa1 Rxa1 53. Ke3 Rf1 54. h6 Kc7 0-1

[Event "Hradec Kralove op 8th"]
[Site "Hradec Kralove"]
[Date "2017.10.07"]
[Round "8"]
[White "Wolf, Andreas"]
[Black "Majerik, Vladimir"]
[Result "1-0"]
[WhiteElo "2006"]
[BlackElo "1826"]
[PlyCount "43"]
[EventDate "2017.10.01"]
[EventType "swiss"]
[EventRounds "9"]
[EventCountry "CZE"]
[SourceTitle "CBM 181 Extra"]
[Source "ChessBase"]
[SourceDate "2017.12.12"]
[SourceVersion "1"]
[SourceVersionDate "2017.12.12"]
[SourceQuality "1"]

1. d4 d5 2. Nf3 Nf6 3. c4 c6 4. Nc3 dxc4 5. a4 Bf5 6. e3 e6 7. Bxc4 Be7 8. 0-0 0-0 9. Nh4 Bg6 10. Nxg6 hxg6 11. Re1 Nbd7 12. e4 Re8 13. Bf4 Nh5 14. Be3 Nhf6 15. h3 a5 16. d5 exd5 17. exd5 cxd5 18. Nxd5 Nxd5 19. Qxd5 Rf8 20. Red1 Nf6 21. Qe5 Nd7 22. Qb5 1-0

[Event "Hradec Kralove op 7th"]
[Site "Hradec Kralove"]
[Date "2016.10.02"]
[Round "2"]
[White "Sernecki, Franciszek"]
[Black "Majerik, Vladimir"]
[Result "1/2-1/2"]
[WhiteElo "2075"]
[BlackElo "1821"]
[PlyCount "69"]
[EventDate "2016.10.01"]
[EventType "swiss"]
[EventRounds "9"]
[EventCountry "CZE"]
[SourceTitle "EXT 2017"]
[Source "ChessBase"]
[SourceDate "2016.10.25"]
[SourceVersion "1"]
[SourceVersionDate "2016.10.25"]
[SourceQuality "1"]

1. d4 d5 2. Nf3 Nf6 3. c4 c6 4. e3 Bf5 5. Bd3 Bxd3 6. Qxd3 e6 7. 0-0 Nbd7 8. Nbd2 Be7 9. b3 0-0 10. Bb2 Rc8 11. Rfd1 Qc7 12. Rac1 Qb8 13. h3 Rfd8 14. Qe2 g6 15. Rc2 Re8 16. e4 dxe4 17. Nxe4 Nxe4 18. Qxe4 Nf6 19. Qe1 Nd7 20. Nd2 Nf6 21. Ne4 Nxe4 22. Qxe4 Bf6 23. Qf3 Bg7 24. Bc1 Qc7 25. Bg5 Qa5 26. Bf6 Bxf6 27. Qxf6 Rcd8 28. Rcd2 Rd7 29. Qe5 Qc3 30. Rd3 Qc2 31. h4 h5 32. d5 cxd5 33. cxd5 Qc5 34. Qe2 Rd6 35. Qe3 1/2-1/2

[Event "Hradec Kralove op"]
[Site "Hradec Kralove"]
[Date "2015.10.11"]
[Round "9"]
[White "Majerik, Vladimir"]
[Black "Jiruse, Josef"]
[Result "0-1"]
[WhiteElo "1847"]
[BlackElo "2035"]
[PlyCount "110"]
[EventDate "2015.10.04"]
[EventType "swiss"]
[EventRounds "9"]
[EventCountry "CZE"]
[SourceTitle "CBM 168 Extra"]
[Source "ChessBase"]
[SourceDate "2015.10.29"]
[SourceVersion "1"]
[SourceVersionDate "2015.10.29"]
[SourceQuality "1"]

1. d4 d5 2. Nf3 Nf6 3. Bf4 c6 4. c3 Bf5 5. Nbd2 Nbd7 6. e3 Ne4 7. Nxe4 Bxe4 8. Be2 Qb6 9. Qb3 a5 10. 0-0 a4 11. Qxb6 Nxb6 12. Nd2 e6 13. Bc7 Nc8 14. Nxe4 dxe4 15. a3 Kd7 16. Be5 f6 17. Bg3 Bd6 18. c4 c5 19. Rfd1 Kc6 20. Rd2 Bxg3 21. hxg3 Nd6 22. Rad1 Rhd8 23. Kf1 Rd7 24. g4 Rad8 25. Ke1 b6 26. d5+ Kc7 27. f4 exf3 28. gxf3 e5 29. Bd3 e4 30. fxe4 Re7 31. e5 Rxe5 32. Re2 Rde8 33. Kf2 Ne4+ 34. Kf3 Ng5+ 35. Kf2 Kd6 36. Bc2 Ra8 37. Kg3 h6 38. Kf2 Re7 39. Kg3 Nf7 40. Rc1 Ne5 41. Bb1 Rb7 42. e4 Rab8 43. Bc2 Ra7 44. Bd1 b5 45. cxb5 Rxb5 46. Rd2 c4 47. Be2 Rc5 48. Rc3 Rb7 49. Bd1 Ra5 50. Be2 Rb3 51. Rdc2 Rab5 52. Rxb3 axb3 53. Rc3 Kc5 54. Kf4 Kd4 55. Kf5 Rb6 0-1

[Event "CZE-ch Seniors 60"]
[Site "Rychnov nad Kneznou"]
[Date "2015.08.21"]
[Round "7"]
[White "Majerik, Vladimir"]
[Black "Briza, Jiri"]
[Result "1/2-1/2"]
[WhiteElo "1837"]
[BlackElo "1947"]
[PlyCount "41"]
[EventDate "2015.08.15"]
[EventType "swiss"]
[EventRounds "9"]
[EventCountry "CZE"]
[SourceTitle "EXT 2016"]
[Source "ChessBase"]
[SourceDate "2015.10.08"]
[SourceVersion "1"]
[SourceVersionDate "2015.10.08"]
[SourceQuality "1"]

1. d4 d5 2. Bg5 Nf6 3. Nd2 h6 4. Bh4 Ne4 5. Nxe4 dxe4 6. e3 c5 7. dxc5 Qa5+ 8. Qd2 Qxc5 9. 0-0-0 Nc6 10. Ne2 Bg4 11. Qd5 Qb4 12. Qb3 Qxb3 13. axb3 g5 14. Bg3 Bg7 15. h3 Bh5 16. Bh2 f5 17. Rd2 0-0 18. Nc3 Rac8 19. Bc4+ Bf7 20. Bxf7+ Kxf7 21. Rd7 1/2-1/2

[Event "CZE-ch Seniors 60"]
[Site "Rychnov nad Kneznou"]
[Date "2015.08.18"]
[Round "4"]
[White "Majerik, Vladimir"]
[Black "Sibl, Vaclav"]
[Result "1/2-1/2"]
[WhiteElo "1837"]
[BlackElo "1936"]
[PlyCount "25"]
[EventDate "2015.08.15"]
[EventType "swiss"]
[EventRounds "9"]
[EventCountry "CZE"]
[SourceTitle "EXT 2016"]
[Source "ChessBase"]
[SourceDate "2015.10.08"]
[SourceVersion "1"]
[SourceVersionDate "2015.10.08"]
[SourceQuality "1"]

1. d4 d6 2. Nf3 Bg4 3. Bf4 Bxf3 4. exf3 d5 5. Bd3 Nf6 6. c3 c6 7. Nd2 e6 8. 0-0 Be7 9. Re1 0-0 10. Rc1 c5 11. dxc5 Bxc5 12. Nb3 Bb6 13. Bxb8 1/2-1/2

[Event "Teplice op 10th"]
[Site "Teplice"]
[Date "2015.06.21"]
[Round "9"]
[White "Majerik, Vladimir"]
[Black "Ruzicka, Vaclav"]
[Result "1/2-1/2"]
[WhiteElo "1850"]
[BlackElo "1680"]
[PlyCount "112"]
[EventDate "2015.06.13"]
[EventType "swiss"]
[EventRounds "9"]
[EventCountry "CZE"]
[SourceTitle "EXT 2017"]
[Source "ChessBase"]
[SourceDate "2016.10.25"]
[SourceVersion "1"]
[SourceVersionDate "2016.10.25"]
[SourceQuality "1"]

1. d4 Nf6 2. Bg5 h6 3. Bh4 g5 4. Bg3 Ne4 5. Nd2 Nxg3 6. hxg3 d5 7. Ngf3 Bg7 8. c3 Bf5 9. Qb3 b6 10. e3 a6 11. c4 e6 12. Bd3 Bxd3 13. Qxd3 Nd7 14. cxd5 exd5 15. Qf5 c6 16. Rc1 Rc8 17. 0-0 0-0 18. Rc2 Rc7 19. Rfc1 Qc8 20. Nb3 Ne5 21. Qxc8 Nxf3+ 22. gxf3 Rfxc8 23. e4 dxe4 24. fxe4 Bf8 25. Kg2 f6 26. Kf3 Kf7 27. d5 c5 28. Nd4 Kg6 29. Ne6 Rd7 30. Nxf8+ Rxf8 31. g4 a5 32. a3 h5 33. gxh5+ Kxh5 34. Rh1+ Kg6 35. Rd2 Rd6 36. Kg3 Rf7 37. f3 Rh7 38. Rxh7 Kxh7 39. Kg4 Kg6 40. f4 gxf4 41. Kxf4 Rd8 42. Rh2 b5 43. Rc2 c4 44. a4 Rb8 45. axb5 Rxb5 46. Rxc4 Rxb2 47. Rd4 Rb8 48. Ra4 Ra8 49. Ke3 Kf7 50. Kd4 Ke7 51. Kc5 Kd7 52. Ra1 Rc8+ 53. Kd4 Ra8 54. e5 fxe5+ 55. Kxe5 Re8+ 56. Kd4 Ra8 1/2-1/2

[Event "Hradec Kralove op"]
[Site "Hradec Kralove"]
[Date "2014.10.21"]
[Round "5"]
[White "Majerik, Vladimir"]
[Black "Oberbacher, Michael"]
[Result "1-0"]
[WhiteElo "1887"]
[BlackElo "1503"]
[PlyCount "87"]
[EventDate "2014.10.18"]
[EventType "swiss"]
[EventRounds "9"]
[EventCountry "CZE"]
[SourceTitle "EXT 2015"]
[Source "ChessBase"]
[SourceDate "2014.11.20"]
[SourceVersion "1"]
[SourceVersionDate "2014.11.20"]
[SourceQuality "1"]

1. d4 d5 2. Nf3 Nc6 3. Bg5 Bg4 4. Nbd2 Qd7 5. c3 e6 6. Qb3 Rb8 7. e3 Be7 8. Bf4 Nf6 9. Bb5 a6 10. Ne5 Qc8 11. Nxc6 bxc6 12. Bxc6+ Kf8 13. Qc2 Rb6 14. Ba4 Nh5 15. Bg3 Nxg3 16. hxg3 Bf5 17. Qc1 Bd6 18. Bc2 e5 19. dxe5 Bxe5 20. Nf3 Bf6 21. 0-0 Be7 22. Rd1 c6 23. Bxf5 Qxf5 24. Nd4 Qg4 25. Rb1 g6 26. Qc2 Kg7 27. Qe2 Qd7 28. Nf3 Bf6 29. Qd3 Rd8 30. b4 Qb7 31. a4 h6 32. a5 Rb5 33. Nd4 Bxd4 34. exd4 Re8 35. Re1 Re6 36. Rxe6 fxe6 37. Qe3 Rxa5 38. Qxe6 Ra2 39. f4 Rc2 40. Re1 Rxc3 41. Qe5+ Kf7 42. Qe6+ Kg7 43. Qe8 Kf6 44. Re6+ 1-0

[Event "Hradec Kralove op"]
[Site "Hradec Kralove"]
[Date "2014.10.20"]
[Round "3"]
[White "Majerik, Vladimir"]
[Black "Koci, Tereza"]
[Result "1-0"]
[WhiteElo "1887"]
[BlackElo "1593"]
[PlyCount "113"]
[EventDate "2014.10.18"]
[EventType "swiss"]
[EventRounds "9"]
[EventCountry "CZE"]
[SourceTitle "EXT 2015"]
[Source "ChessBase"]
[SourceDate "2014.11.20"]
[SourceVersion "1"]
[SourceVersionDate "2014.11.20"]
[SourceQuality "1"]

1. d4 f5 2. Bg5 g6 3. e3 Bg7 4. Bc4 Nf6 5. Nd2 c6 6. Ngf3 d6 7. 0-0 e6 8. c3 0-0 9. Qb3 Qe8 10. Bd3 Kh8 11. Bf4 Qd7 12. h3 Nd5 13. Bh2 Ne7 14. Nc4 d5 15. Nce5 Bxe5 16. Bxe5+ Kg8 17. Qa3 b6 18. Bd6 Re8 19. Ne5 Qd8 20. Bxb8 Rxb8 21. Qxa7 Rb7 22. Qa3 Qc7 23. Rac1 Bd7 24. c4 Ra7 25. Qb3 Rb8 26. Rc2 Kg7 27. Rfc1 Qd6 28. cxd5 cxd5 29. Nxd7 Qxd7 30. Bb5 Qd8 31. a3 Raa8 32. Qb4 Kf7 33. Rc7 Rc8 34. Rxc8 Rxc8 35. Rxc8 Qxc8 36. Qc3 Qxc3 37. bxc3 Nc8 38. Kf1 Nd6 39. Bd3 Ne4 40. Bxe4 fxe4 41. Ke2 Ke7 42. Kd2 Kd6 43. Kc2 Kc6 44. Kb3 Kb5 45. f3 exf3 46. gxf3 g5 47. a4+ Kc6 48. Ka3 h5 49. Kb3 h4 50. Ka3 b5 51. axb5+ Kxb5 52. Kb3 Kc6 53. c4 Kb6 54. c5+ Kb5 55. Kc3 Ka5 56. Kd3 Kb5 57. Ke2 1-0

[Event "Trebic Highlands op 10th"]
[Site "Trebic"]
[Date "2014.05.21"]
[Round "6"]
[White "Miculka, Petr"]
[Black "Majerik, Vladimir"]
[Result "1/2-1/2"]
[WhiteElo "2018"]
[BlackElo "1884"]
[PlyCount "46"]
[EventDate "2014.05.17"]
[EventType "swiss"]
[EventRounds "9"]
[EventCountry "CZE"]
[SourceTitle "CBM 160 Extra"]
[Source "ChessBase"]
[SourceDate "2014.07.01"]
[SourceVersion "1"]
[SourceVersionDate "2014.07.01"]
[SourceQuality "1"]

1. e4 c6 2. d4 d5 3. Nd2 dxe4 4. Nxe4 Nf6 5. Nxf6+ exf6 6. Bc4 Qe7+ 7. Qe2 Be6 8. Bd3 Bd5 9. f3 Qxe2+ 10. Nxe2 Bd6 11. 0-0 0-0 12. Nf4 Re8 13. c4 Be6 14. Re1 Bd7 15. Bd2 Na6 16. a3 Nc7 17. b4 a6 18. d5 Rad8 19. dxc6 Bxc6 20. Rxe8+ Rxe8 21. Bc2 Rd8 22. Nd3 Ne6 23. Be3 Bc7 1/2-1/2

[Event "Olomouc op 16th"]
[Site "Olomouc"]
[Date "2013.08.01"]
[Round "1"]
[White "Majerik, Vladimir"]
[Black "Pogan, Nikolas"]
[Result "0-1"]
[WhiteElo "1887"]
[BlackElo "2284"]
[PlyCount "172"]
[EventDate "2013.08.01"]
[EventType "swiss"]
[EventRounds "9"]
[EventCountry "CZE"]
[SourceTitle "CBM 155 Extra"]
[Source "ChessBase"]
[SourceDate "2013.08.26"]
[SourceVersion "1"]
[SourceVersionDate "2013.08.26"]
[SourceQuality "1"]

1. d4 Nf6 2. Nf3 g6 3. Bg5 Bg7 4. Nbd2 d6 5. c3 Nbd7 6. e4 0-0 7. Be2 e5 8. dxe5 dxe5 9. 0-0 h6 10. Bh4 Qe8 11. Qc2 Nh5 12. Bc4 Nb6 13. Bb3 a5 14. a3 a4 15. Ba2 Kh8 16. Ne1 g5 17. Bg3 f5 18. f3 g4 19. fxg4 Nxg3 20. hxg3 fxg4 21. Nd3 Bf6 22. Nc4 Nxc4 23. Bxc4 Qe7 24. Qe2 Bd7 25. Rf2 Bg7 26. Raf1 Rxf2 27. Rxf2 Rf8 28. Rxf8+ Qxf8 29. Qf2 Qxf2+ 30. Kxf2 b6 31. Nb4 c6 32. Nc2 Kh7 33. Bf7 Bf8 34. Ne3 Kg7 35. Ba2 Kf6 36. Ke2 h5 37. Bb1 Bh6 38. Bd3 Be6 39. Kf2 Bg5 40. Be2 Ba2 41. Bd3 Ke7 42. Ke2 Bf7 43. Nf5+ Kd7 44. Ne3 Ke7 45. Nf5+ Kf6 46. Ne3 Bh6 47. Kf2 Be8 48. Be2 Bf8 49. Bd3 b5 50. Ke2 Kg6 51. Nf5 c5 52. Bc2 b4 53. axb4 cxb4 54. cxb4 Bxb4 55. Bd3 Bc6 56. Kd1 Bc5 57. Kd2 Bd4 58. Kc2 Kf6 59. Kc1 Bd7 60. Kc2 Be8 61. Bc4 Bg6 62. Bd3 Bh7 63. Kc1 Bf2 64. Kd2 Bxf5 65. exf5 Bxg3 66. Ke3 Bf4+ 67. Ke4 h4 68. Bc2 Bc1 69. Bxa4 Bxb2 70. Bc2 Kg5 71. Bd3 Bc3 72. Bf1 g3 73. Kf3 Kxf5 74. Bd3+ Kg5 75. Bf1 Ba5 76. Bd3 Bd8 77. Be4 Be7 78. Bd3 Kf6 79. Bc4 Kf5 80. Bd3+ Ke6 81. Be4 Kd6 82. Bb7 Kc5 83. Be4 Kd4 84. Bf5 Bd6 85. Be4 h3 86. gxh3 g2 0-1

[Event "Teplice op 8th"]
[Site "Teplice"]
[Date "2013.06.19"]
[Round "5"]
[White "Majerik, Vladimir"]
[Black "Vykouk, Jan"]
[Result "0-1"]
[WhiteElo "1887"]
[BlackElo "2039"]
[PlyCount "44"]
[EventDate "2013.06.15"]
[EventType "swiss"]
[EventRounds "9"]
[EventCountry "CZE"]
[SourceTitle "CBM 155 Extra"]
[Source "ChessBase"]
[SourceDate "2013.08.26"]
[SourceVersion "1"]
[SourceVersionDate "2013.08.26"]
[SourceQuality "1"]

1. d4 Nf6 2. Nf3 c5 3. d5 e6 4. dxe6 fxe6 5. c4 d5 6. e3 Be7 7. b3 0-0 8. Bb2 Nc6 9. Be2 d4 10. 0-0 e5 11. exd4 cxd4 12. a3 d3 13. Bxd3 e4 14. Be2 Qxd1 15. Bxd1 exf3 16. Bxf3 Bc5 17. Nc3 Ne5 18. Be2 Bh3 19. Rfe1 Nfg4 20. Ne4 Bxf2+ 21. Nxf2 Rxf2 22. Bxe5 Rxg2+ 0-1

[Event "Rychnov Seniors op"]
[Site "Rychnov nad Kneznou"]
[Date "2012.08.28"]
[Round "9"]
[White "Majerik, Vladimir"]
[Black "Klimes, Jiri"]
[Result "1-0"]
[WhiteElo "1881"]
[BlackElo "1958"]
[PlyCount "111"]
[EventDate "2012.08.20"]
[EventType "swiss"]
[EventRounds "9"]
[EventCountry "CZE"]
[SourceTitle "CBM 150 Extra"]
[Source "ChessBase"]
[SourceDate "2012.10.19"]
[SourceVersion "1"]
[SourceVersionDate "2012.10.19"]
[SourceQuality "1"]

1. d4 Nf6 2. Nf3 g6 3. Bg5 Bg7 4. Nbd2 d5 5. e3 0-0 6. Bd3 b6 7. 0-0 c5 8. c3 c4 9. Bc2 Nc6 10. Re1 Re8 11. e4 h6 12. Bxf6 Bxf6 13. exd5 Na5 14. Ne5 Bxe5 15. Rxe5 Bb7 16. Ba4 Rf8 17. Qe2 Bxd5 18. Rxe7 Be6 19. Rxe6 fxe6 20. Qxe6+ Kg7 21. Nxc4 Rf6 22. Qe2 Nxc4 23. Qxc4 Qe7 24. Qd3 Raf8 25. Rf1 Rf4 26. f3 Qd6 27. Re1 Rh4 28. g3 Rh5 29. Bb3 Rhf5 30. f4 R5f6 31. Re5 h5 32. h4 Rf5 33. Re6 Qd8 34. Qe4 Qa8 35. Re7+ Kh6 36. Qxa8 Rxa8 37. Kf2 a5 38. a4 b5 39. Bc2 Rf6 40. axb5 a4 41. Ke2 a3 42. bxa3 Rxa3 43. Kd2 Rb6 44. Bd3 Rd6 45. Re4 Ra2+ 46. Bc2 Kg7 47. c4 Rd8 48. b6 Rb2 49. c5 Ra8 50. Kc3 Raa2 51. Re2 Rb5 52. Bd3 Ra3+ 53. Kc4 Rbb3 54. Be4 Rxg3 55. Rb2 Kf6 56. b7 1-0